|
|
|
|
| LEADER |
01509nem a2200337 a 4500 |
| 001 |
001300241 |
| 003 |
CZ BrMZK |
| 005 |
20140224112804.0 |
| 007 |
aj|aanzn |
| 008 |
111208q19701974xr i a 0| lat d |
| 034 |
0 |
|
|a a
|d E0150904
|e E0182328
|f N0502932
|g N0483942
|
| 040 |
|
|
|a BOA001
|b cze
|
| 043 |
|
|
|a e-xr---
|b e-xr-mr
|2 czenas
|
| 072 |
|
7 |
|a 913:94
|x Historická geografie
|2 Konspekt
|9 7
|
| 072 |
|
7 |
|a 912
|x Mapy. Atlasy. Glóby
|2 Konspekt
|9 7
|
| 080 |
|
|
|a (437.32)
|2 MRF
|
| 080 |
|
|
|a (084.3.035)904
|2 MRF
|
| 100 |
1 |
|
|a Vischer, Georg Matthäus,
|d 1628-1696
|7 xx0015778
|4 ctg
|
| 245 |
1 |
0 |
|a Moravia Marchionatus
|h [kartografický dokument] /
|c Perlustratus & delineatus â G. M. Vischer, Tyrolensi Mathematico Casarco
|
| 255 |
|
|
|a Měřítko neuvedeno
|c (015°09´04" v.d.--018°23´28" v.d./050°29´32" s.š.--048°39´42" s.š.)
|
| 260 |
|
|
|a [Česko :
|b s.n.,
|c mezi 1970 a 1974?]
|
| 300 |
|
|
|a 1 mapa :
|b reprodukce, čb. ;
|c 41 x 51 cm, na listu 54 x 63 cm
|
| 500 |
|
|
|a Reprodukce Vischerovy mapy Moravy z roku 1692, zmenšeno na 4/9 původní velikosti
|
| 500 |
|
|
|a Datum vydání odvozeno z rukopisné poznámky na rubu
|5 CZ-BrMZK
|
| 546 |
|
|
|a Název reprodukované mapy latinsky, údaje o reprodukci česky
|
| 655 |
|
7 |
|a reprodukce starých map
|7 fd692820
|2 czenas
|
| 651 |
|
7 |
|a Morava (Česko)
|7 ge130070
|2 czenas
|
| 856 |
4 |
1 |
|u http://www.digitalniknihovna.cz/mzk/uuid/uuid:2233ee4b-4539-49c8-92a4-148107bbd7ba
|y Digitalizovaný dokument
|
| 910 |
|
|
|a BOA001
|b Mpa-0838.190
|
| 990 |
|
|
|a MP
|
| 991 |
|
|
|b 201306
|